01471nam a2200385Ia 4500001001200000003000800012006001900020007001500039008004100054010001700095020001500112040002100127035002000148050003200168082001800200100001700218245008200235250001200317260007300329300002400402490001700426500001800443504005100461533015200512630001500664650002600679650003900705650003600744655002900780710009600809710001700905830001800922856012600940999001901066ebr10112071CaPaEBRm u cr cn|||||||||040812s2004 nyua sb 001 0 eng d z 2004556835 z0738498157 aCaPaEBRcCaPaEBR a(OCoLC)6277211814aTK5105.8885.W43bK35 2004eb04a005.2/7622221 aKahm, Larry.10aUsing WebSphere Studio Asset Analyzerh[electronic resource] /c[Larry Kahm]. a1st ed. aWhite Plains, NY :bIBM, International Support Organization,cc2004. axii, 210 p. :bill.1 aIBM redbooks a"March 2004." aIncludes bibliographical references and index. aElectronic reproduction.bPalo Alto, Calif. :cebrary,d2009.nAvailable via World Wide Web.nAccess may be limited to ebrary affiliated libraries.00aWebSphere. 0aWeb site development. 0aApplication softwarexDevelopment. 0aManagement information systems. 7aElectronic books.2local2 aInternational Business Machines Corporation.bInternational Technical Support Organization.2 aebrary, Inc. 0aIBM redbooks.40uhttp://site.ebrary.com/lib/rucke/Doc?id=10112071zAn electronic book accessible through the World Wide Web; click to view c210572d210572